Crossing the Farak River / Michelle Aung Thin.
Available copies
- 2 of 2 copies available at LARL/NWRL Consortium. (Show)
- 2 of 2 copies available at Lake Agassiz Regional Library.
Current holds
0 current holds with 2 total copies.
Show Only Available Copies
| Location | Call Number / Copy Notes | Barcode | Shelving Location | Status | Due Date |
|---|---|---|---|---|---|
| Bagley Public Library | J AUN (Text) | 33500013242318 | Main | Available | - |
| Detroit Lakes Public Library | J AUN (Text) | 33500013242300 | Main | Available | - |
Record details
- ISBN: 9781773213972
- ISBN: 1773213970
- ISBN: 9781773213965
- ISBN: 1773213962
- Physical Description: 215 pages : map , 20 cm
- Publisher: Toronto ; Annick Press, 2020.
Content descriptions
| General Note: | Based on a true story. |
| Bibliography, etc. Note: | Includes bibliographic references. |
| Summary, etc.: | "Fourteen-year-old Hasina is forced to flee ... Read More |
| Additional Physical Form available Note: | Issued also in electronic format. |
Search for related items by subject
| Genre: | Rohingya (Burmese people) |
| LDR | 03355cam a22005298i 4500 | ||
|---|---|---|---|
| 001 | 344203 | ||
| 003 | LARL_NWRL_CONSORTIUM | ||
| 005 | 20200515185610.0 | ||
| 008 | 190808s2020 oncb j b 000 f eng | ||
| 040 | . | ‡aNLC ‡beng ‡erda ‡cNLC ‡dYDX ‡dBDX ‡dVCQ ‡dTOH ‡dLW1 ‡dWYL ‡dOQX | |
| 015 | . | ‡a20190165545 ‡2can | |
| 020 | . | ‡a9781773213972 ‡q(hardcover) | |
| 020 | . | ‡a1773213970 ‡q(hardcover) | |
| 020 | . | ‡a9781773213965 ‡q(softcover) | |
| 020 | . | ‡a1773213962 | |
| 035 | . | ‡a(OCoLC)1112221806 | |
| 042 | . | ‡alac | |
| 055 | 0. | ‡aPS8601.U54 ‡bC76 2020 | |
| 082 | 0 | . | ‡ajC813/.6 ‡223 |
| 084 | . | ‡acci1icc ‡2lacc | |
| 100 | 1 | . | ‡aAung Thin, Michelle, ‡eauthor. |
| 245 | 1 | 0. | ‡aCrossing the Farak River / ‡cMichelle Aung Thin. |
| 264 | 1. | ‡aToronto ; ‡aBerkeley : ‡bAnnick Press, ‡c2020. | |
| 300 | . | ‡a215 pages : ‡bmap , ‡c20 cm | |
| 336 | . | ‡atext ‡btxt ‡2rdacontent | |
| 337 | . | ‡aunmediated ‡bn ‡2rdamedia | |
| 338 | . | ‡avolume ‡bnc ‡2rdacarrier | |
| 520 | . | ‡a"Fourteen-year-old Hasina is forced to flee everything she knows in this gripping account of the refugee crisis in Myanmar. For Hasina and her younger brother Araf, the constant threat of Sit Tat, the Myanmar Army, is a way of life in Rakhine province--just uttering the name is enough to send chills down their spines. As Rohingyas, they know that when they hear the wop wop wop of their helicopters there is one thing to do--run, and don't stop. So when soldiers invade their village one night, and Hasina awakes to her aunt's fearful voice, followed by smoke, and then a scream, run is what they do. Hasina races deep into the Rakhine forest to hide with her cousin Ghadiya and Araf. When they emerge some days later, it is to a smoldering village. Their house is standing but where is the rest of her family? With so many Rohingyas driven out, Hasina must figure out who she can trust for help and summon the courage to fight for her family amid the escalating conflict that threatens her world and her identity. Fast-paced and accessibly written, Crossing the Farak River tackles an important topic frequently in the news but little explored in fiction. It is a poignant and thought-provoking introduction for young readers to the military crackdown and ongoing persecution of Rohingya people, from the perspective of a brave and resilient protagonist."-- ‡cProvided by publisher. | |
| 530 | . | ‡aIssued also in electronic format. | |
| 504 | . | ‡aIncludes bibliographic references. | |
| 500 | . | ‡aBased on a true story. | |
| 650 | 0. | ‡aPrejudices ‡vJuvenile fiction. ‡0(LARL_NWRL_CONSORTIUM)174355 | |
| 650 | 0. | ‡aRacism ‡vJuvenile fiction. | |
| 650 | 0. | ‡aRefugees ‡vJuvenile fiction. | |
| 650 | 0. | ‡aRohingya (Burmese people) ‡vJuvenile fiction. | |
| 651 | 0. | ‡aBurma ‡vJuvenile fiction. | |
| 650 | 7. | ‡aJUVENILE FICTION / People & Places / Asia. ‡2bisacsh | |
| 650 | 7. | ‡aJUVENILE FICTION / Social Themes / General. ‡2bisacsh | |
| 650 | 7. | ‡aJUVENILE FICTION / Social Themes / Prejudice & Racism. ‡2bisacsh | |
| 655 | 4. | ‡aRohingya (Burmese people) | |
| 776 | 0 | 8. | ‡iOnline version: ‡aAung Thin, Michelle. ‡tCrossing the Farak River. ‡dToronto ; Berkeley : Annick Press, 2020 ‡z1773214004 ‡z9781773214009 ‡w(OCoLC)1112221896 |
| 901 | . | ‡a344203 ‡bOCoLC ‡c344203 ‡tbiblio ‡soclc | |

Add to basket
Permalink
Disable Highlighting